Statistics for ASOIAF Books (Game Of Thrones)

Click here to take the quiz!

General Stats

  • This quiz has been taken 486 times
  • The average score is 6 of 7

Answer Stats

HintAnswer% Correct
A Game Of Thrones
99%
A Clash Of Kings
92%
A Feast For Crows
90%
A Dance With Dragons
86%
A Storm Of Swords
85%
The Winds Of Winter
82%
A Dream Of Spring
66%

Score Distribution

Percentile by Number Answered

Percent of People with Each Score

Your Score History

You have not taken this quiz